[Event "IECC Swiss-499.2"]
[Site "IECC email"]
[Date "2006.01.23"]
[Round "?"]
[White "Agnew, George"]
[Black "Cain, Charlie"]
[Result "0-1"]
[WhiteElo "1027"]
[BlackElo "1526"]
[PlyCount "84"]
[EventDate "2006.??.??"]
[EventType "swiss (corr)"]
[EventRounds "1"]
[SourceTitle "Corr 2020"]
[Source "ChessBase"]
[SourceDate "2019.09.30"]
[SourceVersion "1"]
[SourceVersionDate "2019.09.30"]
[SourceQuality "1"]
[WhiteTeam "United States"]
[BlackTeam "United States"]
[WhiteTeamCountry "USA"]
[BlackTeamCountry "USA"]

1. e4 e5 2. Nf3 Nc6 3. Bc4 Nf6 4. d3 Bc5 5. 0-0 0-0 6. Nc3 d6 7. Bg5 h6 8. Bh4 g5 9. Bg3 Na5 10. a3 Nxc4 11. dxc4 a5 12. h3 Nh5 13. Bh2 g4 14. hxg4 Bxg4 15. Qd3 a4 16. b4 Bb6 17. c5 dxc5 18. Nxe5 Qxd3 19. cxd3 Be6 20. b5 Rfd8 21. Rfd1 Bb3 22. Rd2 c4 23. Rc1 f6 24. Ng4 Rxd3 25. Rxd3 cxd3 26. Nxh6+ Kh7 27. Nf5 d2 28. Rf1 Ba5 29. Nd1 Bc4 30. Nfe3 Bxb5 31. g4 Ng7 32. Nb2 Bxf1 33. Kxf1 b5 34. Nc2 Rd8 35. Ke2 d1Q+ 36. Nxd1 Rd2+ 37. Kf3 Rxc2 38. Ne3 Ra2 39. Bf4 Rxa3 40. Kg2 Ne6 41. Bg3 Rxe3 42. fxe3 Bc3 0-1

[Event "IECC M-4951"]
[Site "IECC email"]
[Date "2004.02.15"]
[Round "?"]
[White "Cain, Charlie"]
[Black "Reilly, Harry"]
[Result "1-0"]
[WhiteElo "1550"]
[BlackElo "1433"]
[PlyCount "63"]
[EventDate "2004.??.??"]
[EventType "tourn (corr)"]
[EventRounds "10"]
[SourceTitle "Corr 2020"]
[Source "ChessBase"]
[SourceDate "2019.09.30"]
[SourceVersion "1"]
[SourceVersionDate "2019.09.30"]
[SourceQuality "1"]
[WhiteTeam "United States"]
[BlackTeam "United States"]
[WhiteTeamCountry "USA"]
[BlackTeamCountry "USA"]

1. e4 Nf6 2. Nc3 d6 3. d4 Nc6 4. Bb5 Bd7 5. Be3 e6 6. d5 exd5 7. exd5 Ne5 8. Nf3 Be7 9. 0-0 Nxf3+ 10. Qxf3 0-0 11. Bg5 Bxb5 12. Nxb5 Qd7 13. c4 c6 14. dxc6 bxc6 15. Nd4 d5 16. Rae1 h6 17. Nf5 hxg5 18. Rxe7 Qd8 19. Qe3 Nh7 20. Qe5 f6 21. Qe6+ Kh8 22. Nd6 g4 23. Rd7 Ng5 24. Qxg4 Kg8 25. Rxd8 Raxd8 26. c5 Rb8 27. h3 Rxb2 28. Qa4 Re2 29. Qxc6 Re5 30. f4 Nxh3+ 31. gxh3 Re6 32. Qxd5 1-0

[Event "IECC M-4953"]
[Site "IECC email"]
[Date "2004.02.15"]
[Round "?"]
[White "Cain, Charlie"]
[Black "Todd, Neil"]
[Result "1-0"]
[WhiteElo "1529"]
[BlackElo "1657"]
[PlyCount "81"]
[EventDate "2004.??.??"]
[EventType "tourn (corr)"]
[EventRounds "10"]
[SourceTitle "Corr 2020"]
[Source "ChessBase"]
[SourceDate "2019.09.30"]
[SourceVersion "1"]
[SourceVersionDate "2019.09.30"]
[SourceQuality "1"]
[WhiteTeam "United States"]
[BlackTeam "England"]
[WhiteTeamCountry "USA"]
[BlackTeamCountry "ENG"]

1. e4 e6 2. d4 d5 3. Nc3 Nf6 4. e5 Ne4 5. Nxe4 dxe4 6. Bb5+ c6 7. Ba4 b5 8. Bb3 c5 9. c3 cxd4 10. Qxd4 Qxd4 11. cxd4 Nc6 12. Ne2 Bb7 13. 0-0 Rd8 14. Be3 Na5 15. Nc3 Nxb3 16. axb3 a6 17. Rac1 Bb4 18. Na2 Ba5 19. Rfd1 0-0 20. Bd2 Bb6 21. Bb4 Rfe8 22. Bc5 Bxc5 23. dxc5 Bd5 24. Nb4 a5 25. Nxd5 exd5 26. Ra1 Rxe5 27. Rxa5 d4 28. Rxd4 Ree8 29. Rxd8 Rxd8 30. Kf1 Rb8 31. b4 Kf8 32. Ke2 Ke7 33. Ra7+ Ke6 34. Ke3 Rd8 35. Rb7 f5 36. Rxb5 g5 37. Rb6+ Ke5 38. c6 Rd3+ 39. Ke2 Rb3 40. c7 Rxb2+ 41. Kd1 1-0

[Event "IECC M-4953"]
[Site "IECC email"]
[Date "2004.02.15"]
[Round "?"]
[White "Todd, Neil"]
[Black "Cain, Charlie"]
[Result "1-0"]
[WhiteElo "1630"]
[BlackElo "1576"]
[PlyCount "121"]
[EventDate "2004.??.??"]
[EventType "tourn (corr)"]
[EventRounds "10"]
[SourceTitle "Corr 2020"]
[Source "ChessBase"]
[SourceDate "2019.09.30"]
[SourceVersion "1"]
[SourceVersionDate "2019.09.30"]
[SourceQuality "1"]
[WhiteTeam "England"]
[BlackTeam "United States"]
[WhiteTeamCountry "ENG"]
[BlackTeamCountry "USA"]

1. c4 e5 2. g3 Nc6 3. Bg2 Nf6 4. Nc3 Bc5 5. Nf3 0-0 6. 0-0 b6 7. e3 Ba6 8. b3 e4 9. Ng5 d5 10. Re1 Nb4 11. cxd5 Nd3 12. Ngxe4 Nxe4 13. Bxe4 Nxe1 14. Qxe1 f5 15. Bg2 Bd6 16. a3 Bd3 17. Bb2 Qg5 18. Bf1 Bxf1 19. Qxf1 f4 20. Ne4 Qxd5 21. Qc4 Qxc4 22. bxc4 fxg3 23. hxg3 Rad8 24. Nxd6 Rxd6 25. d4 Re8 26. Kf1 Rc6 27. Rc1 Kf7 28. Ke2 Rh6 29. d5 a6 30. a4 Re7 31. Kf3 Ke8 32. e4 Rh2 33. Bd4 Rf7+ 34. Ke2 Re7 35. Kd3 Rh5 36. c5 bxc5 37. Bxc5 Rd7 38. Be3 Kd8 39. Kd4 h6 40. e5 g6 41. Ke4 Kc8 42. Rc6 Re7 43. f4 Rg7 44. Rxa6 Kb8 45. a5 Rh3 46. Kf3 Rh1 47. Re6 Rf1+ 48. Ke2 Ra1 49. a6 Rg8 50. a7+ Ka8 51. Re7 Ra2+ 52. Kf3 Rc2 53. g4 Rh8 54. f5 gxf5 55. gxf5 Rh2 56. f6 Rh3+ 57. Ke4 c6 58. dxc6 Rh4+ 59. Kd5 Rd8+ 60. Rd7 Rc8 61. c7 1-0

[Event "IECC M email"]
[Site "IECC email"]
[Date "2002.11.30"]
[Round "?"]
[White "Hightower, Dean Joseph"]
[Black "Cain, Charlie"]
[Result "0-1"]
[WhiteElo "1401"]
[BlackElo "1589"]
[PlyCount "60"]
[EventDate "2002.??.??"]
[EventType "tourn (corr)"]
[EventRounds "6"]
[SourceTitle "Corr 2008"]
[Source "ChessBase"]
[SourceDate "2008.06.24"]
[SourceVersion "1"]
[SourceVersionDate "2008.06.24"]
[SourceQuality "1"]

1. e4 e5 2. Nf3 Nc6 3. Bb5 a6 4. Ba4 b5 5. Bb3 Bc5 6. 0-0 Nf6 7. d3 Bb7 8. Bg5 h6 9. Bh4 0-0 10. c4 d6 11. Nc3 bxc4 12. Bxc4 Na5 13. Nd2 Nxc4 14. Nxc4 c6 15. Na4 Bd4 16. Bxf6 Qxf6 17. Nab6 d5 18. Nxa8 dxc4 19. Nc7 Qd6 20. Nxa6 Bxa6 21. Qd2 Rb8 22. Rab1 Rxb2 23. Qa5 Bxf2+ 24. Kh1 Rxb1 25. Rxb1 Qxd3 26. Rc1 Bb5 27. a4 Be3 28. Qa8+ Kh7 29. Re1 c3 30. axb5 Qd2 0-1

[Event "IECC M email"]
[Site "IECC email"]
[Date "2001.09.14"]
[Round "?"]
[White "Cain, Charlie"]
[Black "Johnson, Bernard S"]
[Result "1-0"]
[WhiteElo "1414"]
[BlackElo "1487"]
[PlyCount "75"]
[EventDate "2001.??.??"]
[EventType "tourn (corr)"]
[EventRounds "6"]
[SourceTitle "Corr 2008"]
[Source "ChessBase"]
[SourceDate "2008.06.24"]
[SourceVersion "1"]
[SourceVersionDate "2008.06.24"]
[SourceQuality "1"]

1. e4 c6 2. d4 d5 3. Nc3 dxe4 4. Nxe4 Bf5 5. Ng3 Bg6 6. Nf3 Nd7 7. Bd3 e6 8. 0-0 Ngf6 9. c4 Be7 10. Re1 Bb4 11. Bd2 Bd6 12. Nf5 Bxf5 13. Bxf5 0-0 14. Bd3 c5 15. Bc3 cxd4 16. Bxd4 Qc7 17. a3 Bc5 18. b4 Bxd4 19. Nxd4 Rfd8 20. Qe2 Nb6 21. Nb5 Qe7 22. Rad1 a6 23. Nc3 a5 24. Ne4 axb4 25. axb4 Nxe4 26. Qxe4 g6 27. c5 Nd5 28. Bc2 Ra3 29. Qd4 Qc7 30. Re3 Raa8 31. Red3 b6 32. Bb3 Nf4 33. Qxd8+ Rxd8 34. Rxd8+ Kg7 35. cxb6 Qb7 36. f3 Qxb6+ 37. Kh1 Qd4 38. R1xd4 1-0

[Event "IECC Trio 610 email"]
[Site "IECC email"]
[Date "1998.09.05"]
[Round "?"]
[White "Badenhorst, Jack D"]
[Black "Cain, Charlie"]
[Result "0-1"]
[WhiteElo "1288"]
[BlackElo "1368"]
[PlyCount "74"]
[EventDate "1998.??.??"]
[EventType "tourn (corr)"]
[EventRounds "4"]
[SourceTitle "Corr 2008"]
[Source "ChessBase"]
[SourceDate "2008.06.24"]
[SourceVersion "1"]
[SourceVersionDate "2008.06.24"]
[SourceQuality "1"]

1. e4 e5 2. Nf3 Nf6 3. Nc3 Nc6 4. Bc4 Bc5 5. 0-0 d6 6. d3 Bg4 7. Bb5 a6 8. Bxc6+ bxc6 9. h3 Bh5 10. a3 0-0 11. Re1 Nd7 12. b4 Bd4 13. Bd2 Rb8 14. g4 Bg6 15. Rb1 Ba7 16. Qe2 Re8 17. Bg5 f6 18. Bc1 Bf7 19. Bd2 Nf8 20. Nd1 Ne6 21. Ra1 Qd7 22. Nb2 d5 23. c3 c5 24. exd5 Qxd5 25. Nh4 Nf4 26. Bxf4 exf4 27. Qd2 g5 28. c4 Qb7 29. Nf5 Qf3 30. Nh6+ Kf8 31. Nxf7 Kxf7 32. Kh2 cxb4 33. Nd1 Bd4 34. Ra2 b3 35. Rb2 Bxb2 36. Nxb2 Rxe1 37. Qxe1 Re8 0-1